000 00490nam a2200205Ia 4500
003 OSt
005 20221005130437.0
006 a|||||r|||| 00| 0
007 ta
008 221004b |||||||| |||| 00| 0 eng d
024 _a120599
037 _cTextual
040 _aCRL
_cCRL
_beng
041 _2eng
_aeng
100 _aHolmstrom
_9638154
245 0 _aReport on intestingual scientific & tech .
260 _c1951
942 _cTEXL
_2cc
999 _c1057247
_d1057247